Sports Quiz

Random Sports or MLB Quiz
Score 0/140 Timer 10:00
2 Plays Today
Year Player Name % Correct
1977Pete Rose
94%
1978Pete Rose
94%
1979Pete Rose
94%
1980Pete Rose
94%
1981Pete Rose
94%
1982Pete Rose
94%
1983Pete Rose
94%
1984Pete Rose
94%
1985Pete Rose
94%
1986Pete Rose
94%
2010Derek Jeter
90%
2011Derek Jeter
89.6%
2012Derek Jeter
89.6%
1918Ty Cobb
88.3%
2013Derek Jeter
88.3%
1919Ty Cobb
88.3%
1920Ty Cobb
88.3%
1921Ty Cobb
88.3%
1922Ty Cobb
88.3%
1923Ty Cobb
88.3%
1924Ty Cobb
88.3%
1925Ty Cobb
88.3%
1926Ty Cobb
88.3%
1927Ty Cobb
88.3%
1928Ty Cobb
88.3%
2014Derek Jeter
84.9%
2019Albert Pujols
79.5%
2017Ichiro Suzuki
78.7%
1969Hank Aaron
74.8%
1970Hank Aaron
74.8%
1971Hank Aaron
74.8%
1972Hank Aaron
74.8%
1973Hank Aaron
74.8%
1974Hank Aaron
74.8%
1975Hank Aaron
74.8%
1976Hank Aaron
74.8%
1966Willie Mays
70%
1967Willie Mays
70%
1968Willie Mays
70%
2015Alex Rodriguez
69.5%
2016Alex Rodriguez
69.2%
2001Cal Ripken, Jr.
68.1%
1999Tony Gwynn
67.9%
2000Tony Gwynn
67.9%
1912Honus Wagner
67.6%
1913Honus Wagner
67.6%
1914Honus Wagner
67.6%
Year Player Name % Correct
1915Honus Wagner
67.6%
1916Honus Wagner
67.6%
1917Honus Wagner
67.6%
1952Stan Musial
66.8%
1953Stan Musial
66.8%
1954Stan Musial
66.8%
1955Stan Musial
66.8%
1956Stan Musial
66.8%
1957Stan Musial
66.8%
1958Stan Musial
66.8%
1959Stan Musial
66.8%
1960Stan Musial
66.8%
1961Stan Musial
66.8%
1962Stan Musial
66.8%
1963Stan Musial
66.8%
1951Joe DiMaggio
64.3%
2018Adrián Beltré
57.4%
2006Craig Biggio
55.9%
2007Craig Biggio
55.9%
1990Robin Yount
55.8%
1991Robin Yount
55.8%
1992Robin Yount
55.8%
1998Paul Molitor
55.6%
1993George Brett
55%
1880Cap Anson
52.2%
1881Cap Anson
52.2%
1882Cap Anson
52.2%
1883Cap Anson
52.2%
1884Cap Anson
52.2%
1885Cap Anson
52.2%
1886Cap Anson
52.2%
1887Cap Anson
52.2%
1888Cap Anson
52.2%
1889Cap Anson
52.2%
1890Cap Anson
52.2%
1891Cap Anson
52.2%
1892Cap Anson
52.2%
1893Cap Anson
52.2%
1894Cap Anson
52.2%
1895Cap Anson
52.2%
1896Cap Anson
52.2%
1897Cap Anson
52.2%
2002Rickey Henderson
51.8%
2003Rickey Henderson
51.8%
1996Eddie Murray
48.1%
1997Eddie Murray
48.1%
1931Rogers Hornsby
48%
Year Player Name % Correct
1932Rogers Hornsby
48%
1933Rogers Hornsby
48%
1935Rogers Hornsby
48%
1936Rogers Hornsby
48%
1937Rogers Hornsby
48%
1964Nellie Fox
45.2%
1965Nellie Fox
45.2%
2008Ken Griffey, Jr.
44.4%
2009Ken Griffey, Jr.
44.4%
2004Rafael Palmeiro
43.3%
2005Rafael Palmeiro
43.3%
1994Dave Winfield
41.8%
1995Dave Winfield
41.8%
1946Mel Ott
35.7%
1947Mel Ott
35.7%
1941Paul Waner
34.6%
1942Paul Waner
34.6%
1943Paul Waner
34.6%
1944Paul Waner
34.6%
1945Paul Waner
34.6%
1929Eddie Collins
30.1%
1930Eddie Collins
30.1%
1934Sam Rice
27.6%
1908Willie Keeler
24.5%
1909Willie Keeler
24.5%
1910Willie Keeler
24.5%
1938Al Simmons
20.7%
1939Al Simmons
20.7%
1940Al Simmons
20.7%
1949Luke Appling
15.3%
1950Luke Appling
15.3%
1987Steve Garvey
13.4%
1988Bill Buckner
9.8%
1989Bill Buckner
9.8%
1904Jesse Burkett
9.3%
1905Jesse Burkett
9.3%
1906Jake Beckley
8.9%
1907Jake Beckley
8.9%
1911Fred Clarke
7.9%
1898Jim O'Rourke
7.5%
1899Jim O'Rourke
7.5%
1900Jim O'Rourke
7.5%
1901Jim O'Rourke
7.5%
1902Jim O'Rourke
7.5%
1903Jim O'Rourke
7.5%
1948Doc Cramer
4.1%

You're not logged in!

Compare scores with friends on all Sporcle quizzes.
OR
Log In

Sporcle TV

Today on Sporcle TV


Watch our educational content, quiz creation guides, and fun videos on Sporcle TV.

Show Comments

Extras

Top Quizzes Today


Score Distribution

Paid Content

Your Account Isn't Verified!

In order to create a playlist on Sporcle, you need to verify the email address you used during registration. Go to your Sporcle Settings to finish the process.

Report this User

Report this user for behavior that violates our Community Guidelines.

Details: